La carrière de Tony Parker - NBA - Statistiques

Statistiques générales
  • Ce quiz a été pris 109 fois
  • Le résultat moyen est 3 sur 5
Statistiques - réponses
Année Club % Correct
2001 - 2011 Spurs de San Antonio
89%
2011 - 2018 Spurs de San Antonio
85%
2018 - 2019 Hornets de Charlotte
78%
1999 - 2001 PSG Racing
47%
2011 - 2012 Lyon-Villeurbanne
37%
Aucun quiz correspondant
Distribution des résultats
% des personnes avec chaque résultat
Percentile par nombre de réponses
Votre historique - résultats
Vous n’avez pas pris ce quiz